| 000 | 01102nam2a2200205 4500 | ||
|---|---|---|---|
| 001 | RU\NLR\PER_A\011782536_000410 | ||
| 005 | 20250624022732.0 | ||
| 035 | _a(NLR Aleph) 012382857 | ||
| 090 |
_a11636381 _c11636381 |
||
| 100 | _a20201020d2020 |||y0rusy50 ca | ||
| 101 | 0 | _arus | |
| 102 | _aRU | ||
| 200 | 0 | _a2020, № 6 (24) | |
| 210 |
_d2020 _aБ. м. |
||
| 461 | 0 |
_1001RU\NLR\BIBL_A\011782536 _12001#$aБиНО: Государственные и муниципальные учреждения$eделовой журнал для руководителей и бухгалтеров бюджетных, казенных, автономных учреждений$v2020, № 6 (24) _911784279 _cМосква _d2018 - _nЭкар-П _oделовой журнал для руководителей и бухгалтеров бюджетных, казенных, автономных учреждений _tБиНО: Государственные и муниципальные учреждения _v2020, № 6 (24) |
|
| 852 |
_aNLR _jП22/10022 |
||
| 942 | _cISSUE | ||
| 980 | _aNB | ||
| 980 | _aRUSPER | ||